Top 15 der betroffenen Covid-19-Länder - 4. Mai 2021 - Statistiken

Allgemein
  • Dieses Quiz wurde 18 mal gespielt
  • Das Durchschnittsergebnis liegt bei 16 aus 28
Antwortstatistiken
Land % Korrekt
Deutschland
94%
Frankreich
89%
Vereinigte Staaten
89%
Russland
83%
Spanien
83%
Indien
78%
Vereinigtes Königreich
78%
Italien
72%
Polen
72%
Mexiko
67%
Niederlande
67%
Portugal
67%
Tschechien
67%
Brasilien
61%
Türkei
56%
Belgien
50%
Schweden
50%
Kolumbien
44%
Kroatien
44%
Iran
39%
Slowenien
39%
Argentinien
33%
Ungarn
33%
Estland
28%
Litauen
28%
Israel
22%
Panama
22%
Bahrain
11%
Keine übereinstimmenden Quizze gefunden
Verteilung der Resultate
Anzahl Personen mit jedem Resultat
Perzentil nach korrekt beantworteten Fragen
Ihre Resultats-Entwicklung
Sie haben dieses Quiz noch nicht gespielt